MAASAI MARA UNIVERSITY

LIBRARY CATALOGUE

Contact Us: +254 020 2685356/7 or 0774 057787

Box: 861-20500, NAROK, KENYA

Email: info@mmarau.ac.ke

_Changing Expectations? The Concept and Practice of Civil Society in International Development Pratt Brain (Record no. 8426)

MARC details
000 -LEADER
fixed length control field 00469nam a2200145Ia 4500
008 - FIXED-LENGTH DATA ELEMENTS--GENERAL INFORMATION
fixed length control field 151021s9999 xx 000 0 und d
020 ## - INTERNATIONAL STANDARD BOOK NUMBER
International Standard Book Number 1897748701
050 ## - LIBRARY OF CONGRESS CALL NUMBER
Classification number HC 498 .P65 2003
245 ## - TITLE STATEMENT
Title _Changing Expectations? The Concept and Practice of Civil Society in International Development Pratt Brain
260 ## - PUBLICATION, DISTRIBUTION, ETC. (IMPRINT)
Place of publication, distribution, etc. UK Itrac 2003
300 ## - PHYSICAL DESCRIPTION
Extent 215p,;ill
500 ## - GENERAL NOTE
General note Icludes index
650 ## - SUBJECT ADDED ENTRY--TOPICAL TERM
Topical term or geographic name as entry element _The Concept of Civil Society
980 ## - EQUIVALENCE OR CROSS-REFERENCE-SERIES STATEMENT--PERSONAL NAME/TITLE [LOCAL, CANADA]
Personal name ^d20120113 09:27:47^oanne

No items available.

© 2016 Maasai Mara University.